[Event "ECU-ch (Women)"]
[Site "Banos de Agua Santa"]
[Date "2020.03.14"]
[Round "8"]
[White "Gil Bohorquez, Ariana"]
[Black "Quishpe Tene, Melody Tamara"]
[Result "0-1"]
[WhiteElo "1730"]
[BlackElo "1507"]
[PlyCount "89"]
[EventDate "2020.03.10"]
[EventType "swiss"]
[EventRounds "9"]
[EventCountry "ECU"]
[SourceTitle "CBM 195 Extra"]
[Source "ChessBase"]
[SourceDate "2020.05.31"]
[SourceVersion "1"]
[SourceVersionDate "2020.05.31"]
[SourceQuality "1"]

1. d4 d5 2. Nf3 Nf6 3. e3 a6 4. Bd3 Bg4 5. h3 Bh5 6. b3 e6 7. 0-0 Nbd7 8. Bb2 Bd6 9. Be2 0-0 10. Nbd2 Bxf3 11. Nxf3 Ne4 12. c4 c6 13. Bd3 Ndf6 14. Ne5 Qe7 15. a3 Rac8 16. Qe1 Nd7 17. Bxe4 dxe4 18. Qc3 Bxe5 19. dxe5 Nc5 20. a4 Nd3 21. Ba3 c5 22. f3 Qg5 23. f4 Qg3 24. Qd2 Rfd8 25. Rfd1 Rd7 26. Qe2 Rcd8 27. Rab1 a5 28. Bb2 h6 29. Bc3 Nxf4 30. exf4 Rxd1+ 31. Rxd1 Rxd1+ 32. Qxd1 Qxc3 33. Kf2 Qd4+ 34. Ke2 Kf8 35. Qd2 b6 36. Qe3 Ke7 37. Qd2 f6 38. exf6+ Kxf6 39. Qe3 g6 40. Qd2 h5 41. Qc2 Kf5 42. g3 e5 43. fxe5 Qxe5 44. Qd2 Ke6 45. Qd8 0-1

[Event "ECU-ch (Women)"]
[Site "Banos de Agua Santa"]
[Date "2020.03.10"]
[Round "1"]
[White "Gil Bohorquez, Ariana"]
[Black "Guerrero Caicedo, Arlette Sabina"]
[Result "1/2-1/2"]
[WhiteElo "1730"]
[BlackElo "1412"]
[PlyCount "59"]
[EventDate "2020.03.10"]
[EventType "swiss"]
[EventRounds "9"]
[EventCountry "ECU"]
[SourceTitle "CBM 195 Extra"]
[Source "ChessBase"]
[SourceDate "2020.05.31"]
[SourceVersion "1"]
[SourceVersionDate "2020.05.31"]
[SourceQuality "1"]

1. e4 d5 2. exd5 Qxd5 3. Nc3 Qd8 4. d4 Nf6 5. Nf3 Bf5 6. Bc4 c6 7. a4 e6 8. 0-0 Be7 9. Bf4 a5 10. Re1 0-0 11. Nh4 Bg4 12. Be2 Bxe2 13. Nxe2 Nd5 14. Nf3 Nd7 15. Bg3 N7f6 16. Nf4 Nxf4 17. Bxf4 Nh5 18. Be3 Nf6 19. Ne5 Nd5 20. Qg4 Bf6 21. Bd2 Nb6 22. Be3 Nd7 23. Bf4 Re8 24. Ra3 g6 25. Rd3 Bg7 26. Nxd7 Qxd7 27. Be5 Qd5 28. Qe4 Qxe4 29. Rxe4 Bxe5 30. dxe5 1/2-1/2

[Event "ECU-ch U20 Girls"]
[Site "Guayaquil"]
[Date "2020.02.22"]
[Round "7"]
[White "Gil Bohorquez, Ariana"]
[Black "Galvez Alvarado, Nissi Aline"]
[Result "1-0"]
[WhiteElo "1792"]
[BlackElo "1098"]
[PlyCount "57"]
[EventDate "2020.02.19"]
[EventType "swiss"]
[EventRounds "9"]
[EventCountry "ECU"]
[SourceTitle "CBM 195 Extra"]
[Source "ChessBase"]
[SourceDate "2020.05.31"]
[SourceVersion "1"]
[SourceVersionDate "2020.05.31"]
[SourceQuality "1"]

1. d4 d5 2. e3 e6 3. Bd3 c6 4. f4 Nf6 5. Nf3 Nbd7 6. 0-0 a6 7. Ne5 Be7 8. Nd2 Qc7 9. c3 b5 10. Kh1 c5 11. Ndf3 h6 12. f5 Nxe5 13. Nxe5 c4 14. Bc2 Bd6 15. Ng4 Be7 16. Nxf6+ Bxf6 17. fxe6 Bxe6 18. e4 dxe4 19. Bxe4 Rd8 20. Qf3 0-0 21. Bxh6 Rfe8 22. Bf4 Qe7 23. Bg3 Qa7 24. Rae1 b4 25. Qh5 Kf8 26. Bc6 g6 27. Qf3 Bd7 28. Qxf6 Rxe1 29. Rxe1 1-0

[Event "ECU-ch U20 Girls"]
[Site "Guayaquil"]
[Date "2020.02.21"]
[Round "5"]
[White "Gil Bohorquez, Ariana"]
[Black "Pacheco Jimenez, Yesenia Camila"]
[Result "0-1"]
[WhiteElo "1792"]
[BlackElo "1594"]
[PlyCount "45"]
[EventDate "2020.02.19"]
[EventType "swiss"]
[EventRounds "9"]
[EventCountry "ECU"]
[SourceTitle "CBM 195 Extra"]
[Source "ChessBase"]
[SourceDate "2020.05.31"]
[SourceVersion "1"]
[SourceVersionDate "2020.05.31"]
[SourceQuality "1"]

1. e4 c5 2. Nf3 e6 3. d4 cxd4 4. Qxd4 Nc6 5. Qd1 Nf6 6. Nc3 Bb4 7. Bd3 Qc7 8. Bd2 a6 9. 0-0 0-0 10. a3 Bc5 11. Bg5 b5 12. Qd2 Ng4 13. h3 Nge5 14. Nxe5 Nxe5 15. Be2 f6 16. Bf4 Bb7 17. Rad1 Bc6 18. Kh1 Rf7 19. b4 Bb6 20. a4 bxa4 21. Ra1 Bb7 22. f3 a3 23. Rxa3 0-1

[Event "ECU-ch U20 Girls"]
[Site "Guayaquil"]
[Date "2020.02.19"]
[Round "2"]
[White "Buenano Silva, Antonella Salome"]
[Black "Gil Bohorquez, Ariana"]
[Result "0-1"]
[WhiteElo "1176"]
[BlackElo "1792"]
[PlyCount "104"]
[EventDate "2020.02.19"]
[EventType "swiss"]
[EventRounds "9"]
[EventCountry "ECU"]
[SourceTitle "CBM 195 Extra"]
[Source "ChessBase"]
[SourceDate "2020.05.31"]
[SourceVersion "1"]
[SourceVersionDate "2020.05.31"]
[SourceQuality "1"]

1. e4 c5 2. Nf3 Nc6 3. Bc4 e6 4. c3 Nf6 5. Bd3 Be7 6. Bc2 0-0 7. d4 cxd4 8. cxd4 Nb4 9. Nc3 Nxc2+ 10. Qxc2 b6 11. 0-0 Bb7 12. Re1 Rc8 13. Qb3 d5 14. e5 Ne4 15. Bf4 Nxc3 16. bxc3 Qd7 17. Rac1 Ba6 18. Bg5 Bc4 19. Qb2 Bxg5 20. Nxg5 Qa4 21. a3 Rc7 22. Qb4 Qd7 23. Nf3 Rfc8 24. a4 Ba6 25. Nd2 h6 26. a5 bxa5 27. Qxa5 Bc4 28. Ra1 Rb7 29. Reb1 Rxb1+ 30. Rxb1 Bd3 31. Rb3 Qc7 32. Qxc7 Rxc7 33. f3 Kh7 34. Kf2 a6 35. Ke3 Bb5 36. g3 Kg6 37. Ra3 f6 38. f4 Kf7 39. h4 fxe5 40. fxe5 Kg6 41. Nf3 Kh5 42. Nh2 Bc4 43. Ra1 Rb7 44. Kf4 Rb2 45. g4+ Kg6 46. Nf3 Re2 47. Ra3 h5 48. g5 Re4+ 49. Kg3 Kf5 50. Nd2 Re3+ 51. Nf3 Ke4 52. Ra1 Rxf3+ 0-1

[Event "South America-ch U18 Girls 16th"]
[Site "Buenos Aires"]
[Date "2019.12.05"]
[Round "8.4"]
[White "Gil Bohorquez, Ariana"]
[Black "Aimale, Maria Pia"]
[Result "1-0"]
[WhiteElo "1732"]
[BlackElo "1477"]
[PlyCount "141"]
[EventDate "2019.12.01"]
[EventType "swiss"]
[EventRounds "9"]
[EventCountry "ARG"]
[SourceTitle "EXT 2024"]
[Source "ChessBase"]
[SourceDate "2023.10.10"]
[SourceVersion "1"]
[SourceVersionDate "2023.10.10"]
[SourceQuality "1"]

1. d4 e6 2. e3 Nf6 3. f4 c5 4. Nf3 cxd4 5. exd4 Nc6 6. Bd3 a6 7. 0-0 Nb4 8. Be2 Qc7 9. c3 Nbd5 10. Ne5 d6 11. Nd3 b5 12. Bf3 Bb7 13. Qe2 g6 14. Nd2 Bh6 15. Ne4 0-0 16. Nxf6+ Nxf6 17. Bxb7 Qxb7 18. Nf2 Bg7 19. b3 Rac8 20. Bb2 Rc7 21. c4 Rfc8 22. Rfc1 bxc4 23. bxc4 Qa7 24. Qd3 a5 25. Rab1 Qa6 26. c5 Qxd3 27. Nxd3 dxc5 28. dxc5 Rd8 29. Be5 Rc6 30. Rb6 Rdc8 31. Rcb1 Nd7 32. Rxc6 Rxc6 33. Bxg7 Kxg7 34. Rb5 a4 35. Ra5 Rc7 36. Kf2 f6 37. Ke3 g5 38. fxg5 fxg5 39. Rxa4 Nxc5 40. Rc4 Na6 41. Rxc7+ Nxc7 42. Nc5 Kf6 43. Ke4 Nd5 44. a4 Nc3+ 45. Kd3 Nd5 46. a5 Kf5 47. a6 e5 48. a7 Nc7 49. Nd7 e4+ 50. Ke2 Na8 51. Ke3 h5 52. Nc5 Nb6 53. Nxe4 Nd5+ 54. Kd4 Nc7 55. Ng3+ Ke6 56. Ke4 h4 57. Ne2 Kf6 58. Nd4 Na8 59. h3 Nc7 60. Nb5 Na8 61. Kd5 Kf5 62. Kc6 g4 63. hxg4+ Kxg4 64. Kb7 Kg3 65. Kxa8 Kxg2 66. Kb8 h3 67. a8Q+ Kg1 68. Nd4 Kh2 69. Nf3+ Kg3 70. Kc7 Kf2 71. Kd6 1-0

[Event "Pan American-ch U18 Girls"]
[Site "Guayaquil"]
[Date "2019.07.27"]
[Round "9"]
[White "Garcia, Angie"]
[Black "Gil Bohorquez, Ariana"]
[Result "0-1"]
[WhiteElo "1660"]
[BlackElo "1543"]
[PlyCount "26"]
[EventDate "2019.07.21"]
[EventType "swiss"]
[EventRounds "9"]
[EventCountry "ECU"]
[SourceTitle "EXT 2020"]
[Source "ChessBase"]
[SourceDate "2019.10.17"]
[SourceVersion "1"]
[SourceVersionDate "2019.10.17"]
[SourceQuality "1"]

1. e4 c5 2. b3 Nf6 3. e5 Nd5 4. c4 Nb6 5. Bb2 g6 6. f4 Bg7 7. Nf3 Nc6 8. Be2 d5 9. 0-0 0-0 10. g3 Bg4 11. Nh4 Bh3 12. Ng2 Nb4 13. a3 Nd3 0-1

[Event "Pan American-ch U18 Girls"]
[Site "Guayaquil"]
[Date "2019.07.23"]
[Round "4"]
[White "Gil Bohorquez, Ariana"]
[Black "Iza Mendoza, Nefthys Sayde"]
[Result "1/2-1/2"]
[WhiteElo "1543"]
[BlackElo "1384"]
[PlyCount "83"]
[EventDate "2019.07.21"]
[EventType "swiss"]
[EventRounds "9"]
[EventCountry "ECU"]
[SourceTitle "EXT 2020"]
[Source "ChessBase"]
[SourceDate "2019.10.17"]
[SourceVersion "1"]
[SourceVersionDate "2019.10.17"]
[SourceQuality "1"]

1. e4 e6 2. d4 d5 3. exd5 exd5 4. Bd3 Be6 5. Qf3 Qf6 6. Be3 Nd7 7. Nd2 Bd6 8. h3 Ne7 9. Ne2 Bf5 10. Bxf5 Qxf5 11. 0-0-0 0-0-0 12. Rhe1 Qxf3 13. Nxf3 f6 14. Bf4 Nb6 15. Bxd6 Rxd6 16. Nc3 Nc6 17. Re2 Rdd8 18. Rde1 Kd7 19. b3 Rhe8 20. Kd2 a6 21. a3 Rxe2+ 22. Rxe2 Kd6 23. Kd3 Nd7 24. Nd1 Nf8 25. Ne3 Ne6 26. g3 g6 27. Ng2 Re8 28. c3 Re7 29. Nd2 Ng5 30. Rxe7 Nxe7 31. h4 Ne6 32. Ne3 Ng7 33. Ng4 Ke6 34. b4 b6 35. a4 Ngf5 36. Nb3 Nd6 37. Ne3 Ne4 38. Nd1 Nf5 39. Nd2 Nfd6 40. Nf1 Nf5 41. Nd2 Nfd6 42. Nf1 1/2-1/2

[Event "ECU-ch (Women)"]
[Site "Salinas"]
[Date "2019.03.07"]
[Round "5"]
[White "Gil Bohorquez, Ariana"]
[Black "Herrera Arboleda, Kerly Danna"]
[Result "0-1"]
[WhiteElo "1604"]
[BlackElo "1774"]
[PlyCount "54"]
[EventDate "2019.03.05"]
[EventType "swiss"]
[EventRounds "9"]
[EventCountry "ECU"]
[SourceTitle "EXT 2020"]
[Source "ChessBase"]
[SourceDate "2019.10.17"]
[SourceVersion "1"]
[SourceVersionDate "2019.10.17"]
[SourceQuality "1"]

1. e4 e5 2. Nf3 Nc6 3. d4 exd4 4. Nxd4 Nf6 5. Nxc6 bxc6 6. Qe2 Qe7 7. Nc3 a6 8. Bf4 d6 9. 0-0-0 Nd7 10. Qc4 Bb7 11. g3 g5 12. Qd4 Rg8 13. Be3 a5 14. Bg2 Nb6 15. Rhe1 Bg7 16. Qd2 Nc4 17. Qe2 Ba6 18. Qf3 Bxc3 19. bxc3 d5 20. Rd4 Qa3+ 21. Kd1 Qxc3 22. Rxc4 Bxc4 23. Qf5 d4 24. Qe5+ Be6 25. Bh3 Rd8 26. Bd2 Qa1+ 27. Ke2 d3+ 0-1

[Event "Pan American-ch U20 Girls"]
[Site "Guayaquil"]
[Date "2018.06.24"]
[Round "9"]
[White "Nunez Giler, Fanny Cecilia"]
[Black "Gil Bohorquez, Ariana"]
[Result "1-0"]
[WhiteElo "1578"]
[BlackElo "1694"]
[PlyCount "70"]
[EventDate "2018.06.19"]
[EventType "swiss"]
[EventRounds "9"]
[EventCountry "ECU"]
[SourceTitle "EXT 2019"]
[Source "ChessBase"]
[SourceDate "2018.10.10"]
[SourceVersion "1"]
[SourceVersionDate "2018.10.10"]
[SourceQuality "1"]

1. Nf3 Nf6 2. d4 b6 3. c4 e6 4. Nc3 Bb4 5. e3 Bb7 6. Bd3 0-0 7. 0-0 Bxc3 8. bxc3 Qe7 9. a4 d6 10. Ba3 Nbd7 11. Nd2 c5 12. Qc2 d5 13. Rfb1 Bc6 14. e4 dxe4 15. Nxe4 Rfd8 16. a5 Rab8 17. Bc1 Nxe4 18. Bxe4 Bxe4 19. Qxe4 Nf6 20. Qh4 cxd4 21. cxd4 bxa5 22. Be3 Qa3 23. Qg5 Qd3 24. Rc1 Rbc8 25. Qxa5 Rf8 26. Ra3 Qe2 27. Ra2 Qd3 28. Qd2 Qxd2 29. Bxd2 Rc7 30. Bb4 Rfc8 31. c5 Nd5 32. Bd2 h5 33. Rca1 Ra8 34. g3 Kf8 35. Kg2 Ke7 1-0